01353cam a2200289 i 450000100090000000300050000900500170001400800410003101000170007202000420008902000390013104000300017004200080020008200140020810000310022224500730025325000200032626400610034626400110040730000450041833600260046333700280048933800270051750504600054465000220100470000370102619306762NUST20221107164035.0160929t20172017flua b 001 0 eng c a 2016044943 a9781498736831 (hardback ; alk. paper) a1498736831 (hardback ; alk. paper) aOU/DLCbengcOUerdadDLC apcc00a535.2,POW1 aPowers, Peter E.,eauthor.10aFundamentals of nonlinear optics /cPeter E. Powers, Joseph W. Haus. aSecond edition. 1aBoca Raton :bCRC Press, Taylor & Francis Group,c[2017] 4c©2017 axx, 480 pages :billustrations ;c26 cm atextbtxt2rdacontent aunmediatedbn2rdamedia avolumebnc2rdacarrier0 aIntroduction (Page-1), Linear optics (Page-15), Introduction to the nonlinear susceptibility (Page-65), Three-wave processes in the small-signal regime (Page-119), Quasi-phase matching (Page-161), Three-wave mixing beyond the small-signal limit (Page-183), x(2) devices (Page-207), x(3) processes (Page-239), Raman and Brillouin scattering (Page-291), Nonlinear optics including diffraction and dispersion (Page-337), Quantum nonlinear optics (Page-381),  0aNonlinear optics.1 aHaus, Joseph W.,d1948-eauthor.